000 00777nam a2200205 i 4500
001 162008
003 ES-MaACL
005 20250829081141.0
008 050721q19001901sp af |||| |bspa d
040 _aCAM
_bspa
_cCAM
100 1 _aPeyre, Roger.
_9131081
245 1 0 _aNapoleón y su tiempo
_b: Bonaparte /
_cRoger Peyre ; traducida al español por Federico Schwartz.
260 _aBarcelona :
_bSalvat e Hijo,
_c[h. 1900]
300 _a547 p., [16] h. lám. :
_bil. ;
_c31 cm.
600 0 4 _aNapoleón
_bI
_c, Emperador de Francia.
_984910
700 1 _aSchwartz, Federico.
_9132578
710 2 _aSalvat Editores
_9134836
852 _aES-MaACL
_jF-3565
_z- Enc. ed. en tela con hierros dorados
_z. - An. ms.: "Donativo del Sr. Salvat, 1901"
999 _c162008
_d162008